000 00542nam a2200169 i 4500
001 90086
003 ES-MaACL
005 20230906180338.0
007 t|
008 050118s1964 sp ||||1| spa d
100 1 _aLazzarini, Andrea.
_970827
245 1 3 _aEl Papa Pablo VI
_b: su vida, su personalidad /
_cAndrea Lazzarini ; traducción del italiano por Francisco Aparicio.
260 _aMadrid :
_bStudium,
_c1964.
300 _a122 p., 7 lám. ;
_c20 cm.
700 1 _aAparicio, Francisco.
_922048
852 _aES-MaACL
_jC-27157
_bR.56089
999 _c90086
_d90086